| 000 | 00000nam 2200000zi 4500 |
| 001 | 9.894312 |
| 003 | CaOODSP |
| 005 | 20240910092312 |
| 006 | m o d f |
| 007 | cr |n||||||||| |
| 008 | 201204e19761977oncad ob f000 0 eng d |
| 020 | |z0660006235 |
| 040 | |aCaOODSP|beng|erda|cCaOODSP |
| 043 | |an-cn--- |
| 086 | |aZ1-1975/1-41-14E-PDF|zZ1-1975/1-41-14 |
| 100 | 1 |aCôté, Marcel,|d1934- |eauthor. |
| 245 | 10|aIBM Canada Ltd. : |ba case study / |cby Marcel Côté of Sécor, Inc., Yvan Allaire, Roger-Emile Miller of l'Université du Québec à Montréal. |
| 264 | 1|aMississauga, Ontario : |bPhase I Printing Limited, |cDecember 1976. |
| 264 | 4|bMinister of Supply and Services Canada, |c©1977 |
| 300 | |a1 online resource (viii, 199 pages) : |bgraph, illustrations. |
| 336 | |atext|btxt|2rdacontent |
| 337 | |acomputer|bc|2rdamedia |
| 338 | |aonline resource|bcr|2rdacarrier |
| 490 | 1 |aStudy ; |vno. 14 |
| 500 | |aDigitized edition from print [produced by Privy Council Office]. |
| 500 | |aIssued also in French under title : IBM Canada ltée. : une étude de cas. |
| 504 | |aIncludes bibliographical references (pages 195-199). |
| 505 | 0 |aForeword -- Acknowledgements -- Introduction -- IBM Canada — Past and Present -- IMB Canada's Market Power -- The Autonomy of Canadian Operations -- IBM Canada's Political Power -- IBM Canada as a Corporate Citizen -- The Relativity of Power -- References. |
| 520 | |a"This case study is about IBM Canada Ltd., a large Canadian company, an affiliate of a multinational corporation, with an alleged large market share and alleged market power in a high-technology category: data processing systems"--Introduction, page 2. |
| 610 | 20|aIBM Canada. |
| 610 | 26|aIBM Canada. |
| 650 | 0|aIndustrial concentration|zCanada. |
| 650 | 6|aConcentration d'entreprises|zCanada. |
| 710 | 1 |aCanada. |bRoyal Commission on Corporate Concentration, |eissuing body. |
| 775 | 08|tIBM Canada ltée : |w(CaOODSP)9.943050 |
| 830 | #0|aStudy (Canada. Royal Commission on Corporate Concentration)|vno. 14.|w(CaOODSP)9.873200 |
| 856 | 40|qPDF|s93.25 MB|uhttps://publications.gc.ca/collections/collection_2020/bcp-pco/Z1-1975-1-41/Z1-1975-1-41-14-eng.pdf |